| 000 | 00612nam a2200193Ia 4500 | ||
|---|---|---|---|
| 008 | 140321s9999 xx 000 0 und d | ||
| 020 | _a9780230370500 | ||
| 050 |
_aHD 30.213 _b.W48 2013 |
||
| 100 | _aWhiteley, David | ||
| 245 | 3 |
_aAn introduction to information systems / _cDavid Whiteley. |
|
| 260 |
_aNew York : _bPalgrave Macmillan, _cc2013. |
||
| 300 |
_a368 p. : _bcol. ill. ; _c25 cm. |
||
| 500 | _aIncludes bibliographical references and index. | ||
| 521 | _aIT | ||
| 650 |
_aInformation technology _xManagement. |
||
| 650 | _aManagement information systems. | ||
| 942 |
_kFOR _cBK |
||
| 999 |
_c48687 _d48687 |
||